| 000 | 00896nam0a22002651 4500 | ||
|---|---|---|---|
| 001 | rc\4765720 | ||
| 005 | 20250613070007.0 | ||
| 021 |
_aRU _bП2339-60 |
||
| 035 | _a(NLR Aleph) 008999010 | ||
| 090 |
_a9294968 _c9294968 |
||
| 100 | _a20130417d1960 |||y0rusy50 ca | ||
| 101 | 0 | _arus | |
| 102 | _aRU | ||
| 105 | _aa z ||||| | ||
| 200 | 1 | _aИсследование течения в колесе радиальной центростремительной турбины | |
| 210 |
_aМосква _cБ. и. _d1960 |
||
| 215 |
_a22 с. _cил. _d30 |
||
| 225 | 1 |
_aИнститут имени П.И. Баранова. Технический отчет _v№ 138 |
|
| 320 | _aБиблиогр.: с. 22 | ||
| 700 | 1 |
_aМитрохин _bВ.Т. _gВалентин Тихонович |
|
| 801 | 0 |
_aRU _bNLR _gpsbo |
|
| 801 | 1 |
_aRU _bELAR _2rusmarc |
|
| 852 |
_aNLR _jП11/1949 |
||
| 942 | _cBOOK | ||
| 980 | _aNB | ||